Learn chinese with me. (Record no. 115462)
[ view plain ]
| 000 -LEADER | |
|---|---|
| fixed length control field | 00458nam a2200169 a 4500 |
| 005 - DATE AND TIME OF LATEST TRANSACTION | |
| control field | 20140414173343.0 |
| 008 - FIXED-LENGTH DATA ELEMENTS--GENERAL INFORMATION | |
| fixed length control field | 100615s19uu xx 00 eng d |
| 020 ## - INTERNATIONAL STANDARD BOOK NUMBER | |
| International Standard Book Number | 9787107207501 |
| 050 ## - LIBRARY OF CONGRESS CALL NUMBER | |
| Classification number | TR 495.1 |
| Item number | L48 2008 |
| 245 ## - TITLE STATEMENT | |
| Title | Learn chinese with me. |
| 260 ## - PUBLICATION, DISTRIBUTION, ETC. (IMPRINT) | |
| Name of publisher, distributor, etc | People's Educaztion Press. |
| 520 ## - SUMMARY, ETC. | |
| Summary, etc | 120 flash cards, 2 VCD, Teacher's book, Student's Book |
| 650 ## - SUBJECT ADDED ENTRY--TOPICAL TERM | |
| Topical term or geographic name as entry element | Chinese |
| General subdivision | language |
| 942 ## - ADDED ENTRY ELEMENTS (KOHA) | |
| Koha item type | Books |
| Withdrawn status | Lost status | Damaged status | Home library | Current library | Shelving location | Date acquired | Source of acquisition | Total Checkouts | Full call number | Barcode | Date last seen | Price effective from | Koha item type |
|---|---|---|---|---|---|---|---|---|---|---|---|---|---|
| Munich Library | Munich Library | Teachers Reference Section | 06/15/2010 | TR 495.1 L48 2008 | M6721mm | 04/14/2014 | 04/14/2014 | Books | |||||
| Munich Library | Munich Library | Teachers Reference Section | 06/15/2010 | TR 495.1 L48 2008 | M6722mm | 04/14/2014 | 04/14/2014 | Books |